| 000 | 00339nam a2200109Ia 4500 | ||
|---|---|---|---|
| 008 | 220204s9999 xx 000 0 und d | ||
| 082 |
_a06.055.6=214.21 _bCST |
||
| 100 | _aSINGH, Anandakumar | ||
| 245 | 0 | _aJnan garima sindhu. Ank 28, 29, 30(Hindi) | |
| 260 |
_aIndia _bCommission for Scientific and Technical Terminology _c2011 |
||
| 942 | _cBK | ||
| 999 |
_c44560 _d44560 |
||